| 000 | 00972nam1a22002171i 4500 | ||
|---|---|---|---|
| 001 | rc\3182192 | ||
| 005 | 20240723190457.0 | ||
| 010 | _9700 | ||
| 035 | _a(NLR Aleph) 007334928 | ||
| 090 |
_a6048330 _c6048330 |
||
| 100 | _a20120628d1975 |||y0rusy50 ca | ||
| 101 | 0 | _arus | |
| 102 | _aRU | ||
| 105 | _ay z ||||| | ||
| 200 | 1 |
_aМетодические рекомендации по подготовке Свода памятников истории и культуры СССР _fАН СССР. Ин-т истории СССР. Ин-т археологии. Центр. совет Всерос. о-ва охраны памятников истории и культуры. М-во культуры СССР. Ин-т истории искусств. М-во культуры РСФСР. НИИ культуры |
|
| 210 |
_aМосква _cБ. и. _d1975 |
||
| 215 | _d20 | ||
| 801 | 0 |
_aRU _bNLR _gpsbo |
|
| 801 | 1 |
_aRU _bELAR _2rusmarc |
|
| 852 |
_aNLR _j72-3/6416 |
||
| 942 | _cBOOK | ||